[Event "Barcelona Sant Marti op 11th"]
[Site "Barcelona"]
[Date "2024.02.22"]
[Round "7"]
[White "Rojas Fernandez, Andres"]
[Black "Garcia Escoda, Marc"]
[Result "0-1"]
[WhiteElo "1798"]
[BlackElo "2074"]
[PlyCount "96"]
[EventDate "2024.01.11"]
[EventType "swiss"]
[EventRounds "9"]
[EventCountry "ESP"]
[SourceTitle "CB11_2024"]
[SourceDate "2024.03.13"]
[SourceVersion "1"]
[SourceVersionDate "2024.03.13"]
[SourceQuality "1"]

1. d4 Nf6 2. Bf4 c5 3. c3 Qb6 4. b3 d5 5. e3 Nc6 6. Bd3 Bg4 7. f3 Bh5 8. Ne2 e6 9. 0-0 Be7 10. Bg3 Bg6 11. Nf4 Bxd3 12. Nxd3 0-0 13. Nd2 Rfc8 14. Rc1 cxd4 15. exd4 Qa6 16. Qe2 Ba3 17. Rce1 Ne7 18. Nb1 Bd6 19. Bxd6 Qxd6 20. Rc1 Rc7 21. Rc2 Rac8 22. Rfc1 Nf5 23. b4 Qa6 24. Qd2 b6 25. Rb2 Nd6 26. Ne5 Nd7 27. Qd3 Qxd3 28. Nxd3 Nb5 29. Ne5 Nxd4 30. Nxd7 Rxd7 31. Rd2 Nc6 32. a3 Rdc7 33. f4 Ne7 34. g4 Rc4 35. Rf1 Ng6 36. Rdf2 e5 37. fxe5 Rxg4+ 38. Kh1 Nxe5 39. Rd1 Re4 40. Nd2 Re3 41. Nf1 Rd3 42. Rxd3 Nxd3 43. Rf5 Rxc3 44. Rxd5 g6 45. Rd8+ Kg7 46. Nd2 Rxa3 47. Nc4 Ra1+ 48. Kg2 Nxb4 0-1

[Event "Pobla de Lillet op 32nd"]
[Site "La Pobla de Lillet"]
[Date "2023.08.06"]
[Round "5"]
[White "Garcia Paolicchi, Raul"]
[Black "Garcia Escoda, Marc"]
[Result "1/2-1/2"]
[WhiteElo "2054"]
[BlackElo "2144"]
[PlyCount "47"]
[EventDate "2023.08.02"]
[EventType "swiss"]
[EventRounds "9"]
[EventCountry "ESP"]
[SourceTitle "CBM 215 Extra"]
[Source "ChessBase"]
[SourceDate "2023.09.30"]
[SourceVersion "1"]
[SourceVersionDate "2023.09.30"]
[SourceQuality "1"]

1. d4 Nf6 2. Bg5 c5 3. d5 Qb6 4. Nc3 Qxb2 5. Bd2 Qb6 6. e4 d6 7. f4 Qd8 8. Nf3 g6 9. Bc4 Bg7 10. e5 dxe5 11. fxe5 Ng4 12. Qe2 0-0 13. 0-0 Nh6 14. Ne4 b5 15. Bxb5 Qxd5 16. Bc4 Qc6 17. Bb5 Qc7 18. Bf4 Nc6 19. Qc4 Na5 20. Qxc5 Qxc5+ 21. Nxc5 Bf5 22. Nb3 Nxb3 23. cxb3 Rac8 24. Bc4 1/2-1/2

[Event "Pobla de Lillet op 32nd"]
[Site "La Pobla de Lillet"]
[Date "2023.08.03"]
[Round "2"]
[White "Garcia Escoda, Marc"]
[Black "Aloma Vidal, Roberto"]
[Result "0-1"]
[WhiteElo "2144"]
[BlackElo "2443"]
[PlyCount "28"]
[EventDate "2023.08.02"]
[EventType "swiss"]
[EventRounds "9"]
[EventCountry "ESP"]
[SourceTitle "CBM 215 Extra"]
[Source "ChessBase"]
[SourceDate "2023.09.30"]
[SourceVersion "1"]
[SourceVersionDate "2023.09.30"]
[SourceQuality "1"]

1. e4 e6 2. d4 d5 3. Nd2 c5 4. exd5 exd5 5. Ngf3 Nc6 6. Bb5 cxd4 7. 0-0 Bd6 8. Nb3 Nge7 9. Nfxd4 0-0 10. Re1 a6 11. Bd3 Ne5 12. h3 N7g6 13. Nf5 Nxd3 14. Qxd3 Ne5 0-1

[Event "Barcelona Sant Marti op 10th"]
[Site "Barcelona"]
[Date "2023.01.26"]
[Round "3"]
[White "Garcia Escoda, Marc"]
[Black "Sviridenko, Yaroslav"]
[Result "1-0"]
[WhiteElo "2147"]
[BlackElo "1877"]
[PlyCount "91"]
[EventDate "2023.01.12"]
[EventType "swiss"]
[EventRounds "9"]
[EventCountry "ESP"]
[SourceTitle "CBM 213 Extra"]
[Source "ChessBase"]
[SourceDate "2023.05.31"]
[SourceVersion "1"]
[SourceVersionDate "2023.05.31"]
[SourceQuality "1"]

1. e4 c5 2. Nf3 e6 3. g3 d5 4. exd5 exd5 5. d4 Nf6 6. Bg2 Be7 7. 0-0 0-0 8. dxc5 Bxc5 9. Nc3 h6 10. Ne5 Nc6 11. Bf4 Re8 12. Nd3 Bg4 13. Qd2 Bf8 14. Rfe1 Qd7 15. Ne5 Qf5 16. Nxg4 Nxg4 17. h3 Nf6 18. g4 Qg6 19. Nxd5 Red8 20. Bc7 Nxd5 21. Bxd8 Rxd8 22. Bxd5 h5 23. g5 Qf5 24. Rad1 Bc5 25. Kg2 Kh8 26. f4 Ne7 27. Re5 Rxd5 28. Rxd5 Qe4+ 29. Kh2 Be3 30. Rd8+ Ng8 31. Rxg8+ Kxg8 32. Qd8+ Kh7 33. Qd3 Bxf4+ 34. Kg1 Qxd3 35. Rxd3 Bxg5 36. Rd7 f5 37. Rxb7 Kg6 38. Kg2 Be3 39. Kf3 f4 40. c4 Kf6 41. b4 g5 42. c5 Kf5 43. Rf7+ Ke6 44. Rxa7 Kf5 45. Rf7+ Ke6 46. Rh7 1-0

[Event "ESP-ch 87th"]
[Site "Linares"]
[Date "2022.08.16"]
[Round "7"]
[White "Garcia Escoda, Marc"]
[Black "Luque Saiz, Andres"]
[Result "0-1"]
[WhiteElo "2130"]
[BlackElo "2312"]
[PlyCount "68"]
[EventDate "2022.08.11"]
[EventType "swiss"]
[EventRounds "9"]
[EventCountry "ESP"]
[SourceTitle "CBM 209 Extra"]
[Source "ChessBase"]
[SourceDate "2022.09.30"]
[SourceVersion "1"]
[SourceVersionDate "2022.09.30"]
[SourceQuality "1"]

1. e4 e6 2. d4 d5 3. Nd2 h6 4. Bd3 Nf6 5. e5 Nfd7 6. Ne2 c5 7. c3 Nc6 8. 0-0 Qb6 9. Nf3 Be7 10. Bb1 Qc7 11. Nf4 cxd4 12. cxd4 b6 13. Be3 Ba6 14. Re1 g5 15. Nh5 0-0-0 16. Bd3 Bxd3 17. Qxd3 Kb7 18. Rac1 Rc8 19. a3 Qd8 20. b4 Qg8 21. Re2 Qg6 22. Qxg6 fxg6 23. Ng3 g4 24. Ne1 Nxd4 25. Rb2 Rxc1 26. Bxc1 g5 27. Nd3 Rc8 28. Be3 Nc6 29. Re2 Bf8 30. h3 gxh3 31. gxh3 Ncxe5 32. Nxe5 Nxe5 33. Kg2 Ng6 34. Bd2 e5 0-1

[Event "ESP-ch 87th"]
[Site "Linares"]
[Date "2022.08.15"]
[Round "6"]
[White "Masague Artero, Guerau"]
[Black "Garcia Escoda, Marc"]
[Result "1-0"]
[WhiteElo "2319"]
[BlackElo "2130"]
[PlyCount "55"]
[EventDate "2022.08.11"]
[EventType "swiss"]
[EventRounds "9"]
[EventCountry "ESP"]
[SourceTitle "CBM 209 Extra"]
[Source "ChessBase"]
[SourceDate "2022.09.30"]
[SourceVersion "1"]
[SourceVersionDate "2022.09.30"]
[SourceQuality "1"]

1. d4 e6 2. c4 Nf6 3. Nf3 b6 4. g3 Bb7 5. Bg2 Be7 6. 0-0 0-0 7. Re1 Qc8 8. Nc3 Ne4 9. Nxe4 Bxe4 10. Bh3 f5 11. Nd2 Bb7 12. e4 Nc6 13. d5 Nd4 14. exf5 Nxf5 15. Ne4 exd5 16. cxd5 Bc5 17. Bf4 Nh4 18. Rc1 Ng6 19. Nxc5 bxc5 20. Be3 Ne5 21. f4 Ng6 22. Bxc5 Re8 23. Rxe8+ Qxe8 24. Qb3 Nxf4 25. gxf4 Qg6+ 26. Bg2 Re8 27. Qxb7 Re2 28. Qb8+ 1-0

[Event "ESP-ch 87th"]
[Site "Linares"]
[Date "2022.08.11"]
[Round "1"]
[White "Argandona Riveiro, Inigo"]
[Black "Garcia Escoda, Marc"]
[Result "1-0"]
[WhiteElo "2393"]
[BlackElo "2130"]
[PlyCount "51"]
[EventDate "2022.08.11"]
[EventType "swiss"]
[EventRounds "9"]
[EventCountry "ESP"]
[SourceTitle "CBM 209 Extra"]
[Source "ChessBase"]
[SourceDate "2022.09.30"]
[SourceVersion "1"]
[SourceVersionDate "2022.09.30"]
[SourceQuality "1"]

1. c4 Nf6 2. Nf3 c5 3. Nc3 d5 4. cxd5 Nxd5 5. g3 Nc6 6. Bg2 Nc7 7. b3 e5 8. Bb2 Be7 9. Qb1 0-0 10. 0-0 Bd7 11. Rd1 Ne6 12. e3 Ng5 13. Nxg5 Bxg5 14. f4 exf4 15. gxf4 Bf6 16. Ne4 Bxb2 17. Ng5 Bf5 18. Qxf5 g6 19. Qh3 h5 20. Rab1 Bg7 21. Bxc6 bxc6 22. Rbc1 Qa5 23. f5 Rfe8 24. fxg6 fxg6 25. Qd7 Kh8 26. Qf7 1-0

[Event "La Pobla de Lillet op-A"]
[Site "La Pobla de Lillet"]
[Date "2022.08.09"]
[Round "8"]
[White "Garcia Escoda, Marc"]
[Black "Barbero Sendic, Alejandro"]
[Result "0-1"]
[WhiteElo "2130"]
[BlackElo "2320"]
[PlyCount "68"]
[EventDate "2022.08.02"]
[EventType "swiss"]
[EventRounds "9"]
[EventCountry "ESP"]
[SourceTitle "CBM 209 Extra"]
[Source "ChessBase"]
[SourceDate "2022.09.30"]
[SourceVersion "1"]
[SourceVersionDate "2022.09.30"]
[SourceQuality "1"]

1. e4 e5 2. Nf3 Nc6 3. Bb5 a6 4. Ba4 Bc5 5. 0-0 Nge7 6. Nxe5 Nxe5 7. d4 b5 8. Bb3 Bxd4 9. Qxd4 d6 10. Qe3 c5 11. c3 0-0 12. f4 Ng4 13. Qg3 c4 14. Bc2 f5 15. exf5 Qb6+ 16. Kh1 Nh6 17. Be3 Qc6 18. Nd2 Nexf5 19. Bxf5 Nxf5 20. Qf2 Bb7 21. Nf3 Rae8 22. Bd4 Re4 23. Rae1 Rxf4 24. Qe2 Nxd4 25. cxd4 Qe4 26. Qf2 Qd3 27. Qg3 Bxf3 28. Rxf3 Rxf3 29. gxf3 Qxf3+ 30. Qxf3 Rxf3 31. Kg2 Rd3 32. Re8+ Kf7 33. Ra8 Rxd4 34. Rxa6 Rd2+ 0-1

[Event "La Pobla de Lillet op-A"]
[Site "La Pobla de Lillet"]
[Date "2022.08.06"]
[Round "5"]
[White "Martinez Pla, Xavier"]
[Black "Garcia Escoda, Marc"]
[Result "1-0"]
[WhiteElo "2310"]
[BlackElo "2130"]
[PlyCount "63"]
[EventDate "2022.08.02"]
[EventType "swiss"]
[EventRounds "9"]
[EventCountry "ESP"]
[SourceTitle "CBM 209 Extra"]
[Source "ChessBase"]
[SourceDate "2022.09.30"]
[SourceVersion "1"]
[SourceVersionDate "2022.09.30"]
[SourceQuality "1"]

1. e4 c5 2. Nf3 g6 3. d4 cxd4 4. Nxd4 Nc6 5. c4 Bg7 6. Be3 Nf6 7. Nc3 0-0 8. Be2 d6 9. f3 Bd7 10. Qd2 Nxd4 11. Bxd4 Bc6 12. 0-0-0 a6 13. g4 Qa5 14. Kb1 Rab8 15. h4 h5 16. gxh5 Nxh5 17. Bxg7 Kxg7 18. Rdg1 Qe5 19. Rg5 Qf4 20. Qd4+ Qf6 21. Qg1 Rh8 22. Bd1 b5 23. cxb5 axb5 24. Rf5 Qe6 25. Bb3 d5 26. Nxd5 Kf8 27. Qd4 f6 28. Nxf6 Qd6 29. Nxh5+ Ke8 30. Qxh8+ Kd7 31. Rf8 Qd3+ 32. Bc2 1-0

[Event "La Pobla de Lillet op-A"]
[Site "La Pobla de Lillet"]
[Date "2022.08.03"]
[Round "2"]
[White "Garcia Escoda, Marc"]
[Black "Alsina Leal, Daniel"]
[Result "0-1"]
[WhiteElo "2130"]
[BlackElo "2521"]
[PlyCount "124"]
[EventDate "2022.08.02"]
[EventType "swiss"]
[EventRounds "9"]
[EventCountry "ESP"]
[SourceTitle "CBM 209 Extra"]
[Source "ChessBase"]
[SourceDate "2022.09.30"]
[SourceVersion "1"]
[SourceVersionDate "2022.09.30"]
[SourceQuality "1"]

1. e4 c5 2. Nf3 e6 3. c4 Nc6 4. Nc3 Nd4 5. Be2 Ne7 6. 0-0 Nec6 7. d3 Be7 8. Be3 a6 9. Nd2 b5 10. cxb5 axb5 11. a4 bxa4 12. Nc4 d6 13. Nxa4 Rb8 14. Bf4 0-0 15. e5 d5 16. Nd2 Rb4 17. Bg3 Nxe2+ 18. Qxe2 Nd4 19. Qd1 Bd7 20. Nc3 Rxb2 21. Nf3 Nxf3+ 22. Qxf3 Rb3 23. Rfc1 Qb6 24. Bf4 Qb4 25. Bd2 Qd4 26. Ra7 Rd8 27. Ne2 Qxe5 28. Ba5 Rbb8 29. g3 Bd6 30. Bxd8 Rxd8 31. Rb1 Be8 32. Rbb7 Qf6 33. Qxf6 gxf6 34. Nc3 c4 35. d4 f5 36. f4 Bf8 37. Kf2 h6 38. Ke3 Rc8 39. h3 h5 40. Ne2 f6 41. Kd2 Bg6 42. Ng1 Re8 43. Nf3 Rc8 44. Kc3 Be8 45. Nh4 Rd8 46. Ng2 Rc8 47. Ne3 Rd8 48. g4 fxg4 49. hxg4 h4 50. g5 f5 51. Rh7 Rb8 52. Rab7 Rxb7 53. Rxb7 Bd6 54. Rb6 Bxf4 55. Rxe6 Bf7 56. Re7 Bxg5 57. Re5 Bf4 58. Re7 h3 59. Nxf5 h2 60. Re1 Be6 61. Nh4 Bg4 62. Rh1 Kg7 0-1

[Event "Catalan-ch U10/20"]
[Site "Tarragona"]
[Date "2022.04.11"]
[Round "5"]
[White "Masague Artero, Guerau"]
[Black "Garcia Escoda, Marc"]
[Result "1/2-1/2"]
[WhiteElo "2321"]
[BlackElo "2125"]
[PlyCount "78"]
[EventDate "2022.04.09"]
[EventType "swiss"]
[EventRounds "9"]
[EventCountry "ESP"]
[SourceTitle "EXT 2023"]
[Source "ChessBase"]
[SourceDate "2022.10.05"]
[SourceVersion "1"]
[SourceVersionDate "2022.10.05"]
[SourceQuality "1"]

1. d4 d5 2. c4 e6 3. Nf3 Nf6 4. g3 c5 5. cxd5 exd5 6. Bg2 Nc6 7. 0-0 Be7 8. Nc3 0-0 9. Bg5 h6 10. Bxf6 Bxf6 11. dxc5 Bxc3 12. bxc3 Qa5 13. Qxd5 Be6 14. Qd2 Rad8 15. Qb2 Qxc5 16. Rfd1 Rxd1+ 17. Rxd1 Rd8 18. Rxd8+ Nxd8 19. Nd4 Bd5 20. Bxd5 Qxd5 21. Qb5 Qe4 22. Qd7 Qb1+ 23. Kg2 Ne6 24. Qd5 Qd1 25. Qxb7 Nxd4 26. Qa8+ Kh7 27. Qe4+ f5 28. Qxd4 Qxe2 29. a4 Qe6 30. Qxa7 Qe4+ 31. Kg1 Qe1+ 32. Kg2 Qe4+ 33. f3 Qc2+ 34. Kg1 Qxc3 35. Kg2 Qc2+ 36. Kg1 Qd1+ 37. Kg2 Qc2+ 38. Kh3 Qd1 39. Kg2 Qc2+ 1/2-1/2

[Event "Catalunya-ch U18/20"]
[Site "Salou"]
[Date "2021.03.31"]
[Round "8"]
[White "Garcia Escoda, Marc"]
[Black "Salvans Serra, Arnau"]
[Result "1-0"]
[WhiteElo "2094"]
[BlackElo "2107"]
[PlyCount "65"]
[EventDate "2021.03.27"]
[EventType "swiss"]
[EventRounds "9"]
[EventCountry "ESP"]
[SourceTitle "CBM 202 Extra"]
[Source "ChessBase"]
[SourceDate "2021.07.31"]
[SourceVersion "1"]
[SourceVersionDate "2021.07.31"]
[SourceQuality "1"]

1. c4 e5 2. Nf3 Nc6 3. d4 e4 4. Nfd2 f5 5. Nb3 Nf6 6. Nc3 Be7 7. h3 d6 8. Bf4 a5 9. e3 Bd7 10. c5 0-0 11. Bc4+ Kh8 12. Nb5 Be8 13. 0-0 Nh5 14. Bh2 f4 15. Be2 f3 16. gxf3 exf3 17. Bxf3 Nf6 18. cxd6 cxd6 19. Rc1 Rc8 20. Bg2 Bh5 21. Qd2 Qd7 22. Nxa5 Nxa5 23. Qxa5 Be2 24. Rxc8 Rxc8 25. Na7 Bxf1 26. Nxc8 Bxg2 27. Nxe7 Bxh3 28. Nd5 Qc8 29. Bg3 Ng4 30. Qc7 Qf8 31. Nf4 g5 32. Nxh3 Qf5 33. Qd8+ 1-0

[Event "Catalunya-ch U10/20"]
[Site "Salou"]
[Date "2020.09.10"]
[Round "8"]
[White "Alvarez Albiol, Victor"]
[Black "Garcia Escoda, Marc"]
[Result "1/2-1/2"]
[WhiteElo "2123"]
[BlackElo "2054"]
[PlyCount "20"]
[EventDate "2020.09.05"]
[EventType "swiss"]
[EventRounds "8"]
[EventCountry "ESP"]
[SourceTitle "EXT 2023"]
[Source "ChessBase"]
[SourceDate "2022.10.05"]
[SourceVersion "1"]
[SourceVersionDate "2022.10.05"]
[SourceQuality "1"]

1. e4 c5 2. Nf3 g6 3. d4 cxd4 4. Qxd4 Nf6 5. e5 Nc6 6. Qa4 Nd5 7. Qe4 Nb6 8. Nc3 Bg7 9. Bf4 d5 10. exd6 Bf5 1/2-1/2

[Event "ESP-ch U18"]
[Site "Salobrena"]
[Date "2020.08.19"]
[Round "5"]
[White "Garcia Escoda, Marc"]
[Black "Martin Barcelo, Carles"]
[Result "1/2-1/2"]
[WhiteElo "2052"]
[BlackElo "2231"]
[PlyCount "101"]
[EventDate "2020.08.17"]
[EventType "swiss"]
[EventRounds "9"]
[EventCountry "ESP"]
[SourceTitle "CBM 197 Extra"]
[Source "ChessBase"]
[SourceDate "2020.09.30"]
[SourceVersion "1"]
[SourceVersionDate "2020.09.30"]
[SourceQuality "1"]

1. c4 g6 2. Nc3 Bg7 3. d4 Nf6 4. e4 d6 5. Nf3 0-0 6. Be2 e5 7. dxe5 dxe5 8. Qxd8 Rxd8 9. Bg5 Re8 10. Nd5 Nxd5 11. cxd5 c6 12. Bc4 cxd5 13. Bxd5 Nd7 14. Nd2 Nb6 15. Bb3 a5 16. Be3 Ra6 17. Bd1 Re6 18. Rc1 Ra8 19. Bb3 Rf6 20. Rc7 a4 21. Bd1 Rb8 22. 0-0 Rc6 23. Rxc6 bxc6 24. Be2 Be6 25. b3 axb3 26. axb3 Nd7 27. Rc1 Bxb3 28. Nxb3 Rxb3 29. Rxc6 Rb1+ 30. Bf1 Nf8 31. Rc8 h5 32. g3 Kh7 33. Kg2 Ne6 34. Bc4 Bh6 35. Bxh6 Kxh6 36. Bxe6 fxe6 37. Rc5 Kg7 38. Rxe5 Kf6 39. Ra5 Rb4 40. Kf3 Rb2 41. h4 Rc2 42. Ke3 Rb2 43. Ra8 Rb3+ 44. Ke2 Rb2+ 45. Kf3 Rb3+ 46. Kg2 Rb4 47. f3 Rb2+ 48. Kh3 Rf2 49. f4 Re2 50. e5+ Kf5 51. Ra4 1/2-1/2

[Event "Roncana op-A 12th"]
[Site "Santa Eulalia de Roncana"]
[Date "2018.10.06"]
[Round "2"]
[White "Garcia Escoda, Marc"]
[Black "Bernado Lopez, Roger"]
[Result "0-1"]
[WhiteElo "2033"]
[BlackElo "1722"]
[PlyCount "56"]
[EventDate "2018.09.29"]
[EventType "swiss"]
[EventRounds "8"]
[EventCountry "ESP"]
[SourceTitle "CBM 187 Extra"]
[Source "ChessBase"]
[SourceDate "2018.11.04"]
[SourceVersion "1"]
[SourceVersionDate "2018.11.04"]
[SourceQuality "1"]

1. c4 g6 2. Nf3 c5 3. Nc3 Bg7 4. e3 Nf6 5. d4 cxd4 6. exd4 0-0 7. d5 d6 8. Be2 Nbd7 9. 0-0 Nc5 10. Nd4 Qb6 11. Rb1 Nfe4 12. Nxe4 Nxe4 13. Be3 Qa5 14. f3 Nf6 15. Qc2 Bd7 16. b4 Qc7 17. Qd2 Rfc8 18. g4 Be8 19. g5 Nd7 20. f4 Nb6 21. Rbc1 Qd8 22. f5 Rc7 23. h4 Rac8 24. fxg6 hxg6 25. Nf3 Nxc4 26. Bxc4 Rxc4 27. Bxa7 Qd7 28. Rxc4 Rxc4 0-1

[Event "La Pobla de Lillet op-A 28th"]
[Site "La Pobla de Lillet"]
[Date "2018.08.03"]
[Round "3"]
[White "Renteria Becerra, Jorge Elicer"]
[Black "Garcia Escoda, Marc"]
[Result "1/2-1/2"]
[WhiteElo "2280"]
[BlackElo "1861"]
[PlyCount "44"]
[EventDate "2018.08.01"]
[EventType "swiss"]
[EventRounds "9"]
[EventCountry "ESP"]
[SourceTitle "CBM 185 Extra"]
[Source "ChessBase"]
[SourceDate "2018.07.29"]
[SourceVersion "1"]
[SourceVersionDate "2018.07.29"]
[SourceQuality "1"]

1. e4 c5 2. Nf3 Nf6 3. Nc3 d5 4. exd5 Nxd5 5. Bb5+ Bd7 6. 0-0 Bxb5 7. Nxb5 a6 8. Nc3 Nc6 9. Nxd5 Qxd5 10. b3 e5 11. Bb2 Be7 12. c4 Qd6 13. Re1 f6 14. Nh4 g6 15. f4 exf4 16. Qg4 Nd4 17. Bxd4 Qxd4+ 18. Kh1 Qd7 19. Re6 f5 20. Qe2 Kf7 21. Nxf5 Qxe6 22. Nh6+ Kf6 1/2-1/2

[Event "Sabadell op-B 10th"]
[Site "Sabadell"]
[Date "2017.09.03"]
[Round "3"]
[White "Morais Carreras, Javier"]
[Black "Garcia Escoda, Marc"]
[Result "1-0"]
[WhiteElo "1897"]
[BlackElo "1738"]
[PlyCount "141"]
[EventDate "2017.09.01"]
[EventType "swiss"]
[EventRounds "9"]
[EventCountry "ESP"]
[SourceTitle "EXT 2019"]
[Source "ChessBase"]
[SourceDate "2018.10.10"]
[SourceVersion "1"]
[SourceVersionDate "2018.10.10"]
[SourceQuality "1"]

1. Nf3 Nf6 2. Nc3 c6 3. e4 d5 4. e5 Ng8 5. Be2 Bg4 6. h3 Bxf3 7. Bxf3 e6 8. 0-0 Nd7 9. d4 a6 10. Ne2 Ne7 11. b3 Ng6 12. Ng3 Be7 13. Be2 Qb6 14. Be3 0-0 15. Qd2 f6 16. exf6 Nxf6 17. Bd3 Bd6 18. Bxg6 hxg6 19. Ne2 Ne4 20. Qd3 Qc7 21. f3 Bh2+ 22. Kh1 Ng3+ 23. Nxg3 Bxg3 24. Qxg6 Rf6 25. Qg4 Bf4 26. Bxf4 Qxf4 27. Qxf4 Rxf4 28. c3 g5 29. Rae1 Kf7 30. Re5 Rf5 31. Rfe1 Rxe5 32. Rxe5 Kf6 33. Kh2 c5 34. Kg3 cxd4 35. cxd4 Rh8 36. f4 gxf4+ 37. Kxf4 Rh4+ 38. Ke3 b6 39. Kd3 Rf4 40. Re3 Ke7 41. g4 Rf1 42. a4 a5 43. Rg3 Rd1+ 44. Kc3 Kf6 45. h4 Rh1 46. Rf3+ Kg6 47. Re3 Rxh4 48. Rxe6+ Kf7 49. Rxb6 Rxg4 50. Rb5 Rg3+ 51. Kc2 Rg2+ 52. Kc3 Rg3+ 53. Kb2 Ke6 54. Rxa5 Rd3 55. Ra6+ Kd7 56. b4 Rxd4 57. b5 Kc7 58. Kb3 Kb7 59. Rd6 Kc7 60. Rc6+ Kb7 61. a5 Rd1 62. a6+ Ka7 63. Rc7+ Kb8 64. Rd7 d4 65. Kc4 Rc1+ 66. Kb4 Rd1 67. Kc5 Kc8 68. Rxd4 Rxd4 69. Kxd4 Kc7 70. Kc5 Kb8 71. Kc6 1-0

[Event "Roncana op-A 10th"]
[Site "Santa Eulalia de Roncana"]
[Date "2016.11.05"]
[Round "6"]
[White "Benito Cabezas, Ana"]
[Black "Garcia Escoda, Marc"]
[Result "1-0"]
[WhiteElo "1876"]
[BlackElo "1752"]
[PlyCount "105"]
[EventDate "2016.09.24"]
[EventType "swiss"]
[EventRounds "8"]
[EventCountry "ESP"]
[SourceTitle "EXT 2018"]
[Source "ChessBase"]
[SourceDate "2017.10.13"]
[SourceVersion "1"]
[SourceVersionDate "2017.10.13"]
[SourceQuality "1"]

1. d4 Nf6 2. Bg5 g6 3. Bxf6 exf6 4. g3 Bg7 5. Bg2 0-0 6. e3 d6 7. Nf3 f5 8. c4 c5 9. Nc3 Nc6 10. 0-0 Qb6 11. Na4 Qb4 12. b3 a6 13. Rc1 Rd8 14. Nc3 Qa5 15. Rc2 Bd7 16. Nd5 Be6 17. Nf4 Bd7 18. Rd2 Be8 19. Nd5 Rac8 20. Qe2 Kh8 21. Rb1 Nb4 22. Ng5 h6 23. Nxb4 Qxb4 24. Nf3 Bc6 25. Rbd1 Qa5 26. d5 Bd7 27. Ne1 b5 28. Rb1 Rb8 29. Rdd1 Rb7 30. Nd3 bxc4 31. bxc4 Rdb8 32. Rxb7 Rxb7 33. e4 Qa4 34. e5 Qxc4 35. e6 Be8 36. Rc1 Qg4 37. Bf3 Qg5 38. h4 Qe7 39. Nxc5 dxc5 40. d6 Rb2 41. dxe7 Rxe2 42. Bxe2 Bd4 43. exf7 Bxf7 44. Bxa6 Be8 45. Re1 Kg7 46. a4 Kf7 47. Bb5 Bf6 48. Bc4+ Kg7 49. a5 Bc3 50. Rb1 Kf6 51. a6 Kxe7 52. Rb7+ Kd6 53. a7 1-0

[Event "Roncana op-A 10th"]
[Site "Santa Eulalia de Roncana"]
[Date "2016.10.15"]
[Round "4"]
[White "Campos Cayuelas, Adria"]
[Black "Garcia Escoda, Marc"]
[Result "1-0"]
[WhiteElo "2020"]
[BlackElo "1752"]
[PlyCount "69"]
[EventDate "2016.09.24"]
[EventType "swiss"]
[EventRounds "8"]
[EventCountry "ESP"]
[SourceTitle "EXT 2018"]
[Source "ChessBase"]
[SourceDate "2017.10.13"]
[SourceVersion "1"]
[SourceVersionDate "2017.10.13"]
[SourceQuality "1"]

1. e4 c6 2. d4 d5 3. f3 Qb6 4. Nc3 dxe4 5. fxe4 e5 6. Nf3 exd4 7. Nxd4 Bc5 8. Na4 Qa5+ 9. c3 Be7 10. b4 Qe5 11. Be2 Qxe4 12. 0-0 Bf6 13. Nc5 Qd5 14. Bf3 Qd8 15. Bf4 Ne7 16. Qe1 0-0 17. Rd1 Qb6 18. Bd6 Rd8 19. Ne4 Bxd4+ 20. Rxd4 Nf5 21. Bc5 Qc7 22. Rxd8+ Qxd8 23. Bg4 g6 24. Bxf5 Bxf5 25. Rxf5 b6 26. Nf6+ Kg7 27. Be7 Qd3 28. Rf3 Qc2 29. Qh4 Qc1+ 30. Rf1 Qe3+ 31. Kh1 h5 32. Nxh5+ gxh5 33. Qf6+ Kh7 34. Qxf7+ Kh6 35. Rf6+ 1-0